F1 Drivers by Picture (2010s) - Statistics

General Stats
  • This quiz has been taken 177 times
  • The average score is 17 of 20
Answer Stats
Picture Answer % Correct
Lewis Hamilton
99%
Charles Leclerc
97%
Max Verstappen
97%
Daniel Ricciardo
96%
Fernando Alonso
96%
Sebastian Vettel
96%
Valtteri Bottas
96%
Nico Hülkenberg
93%
Sergio Perez
93%
Pierre Gasly
92%
Kimi Räikkönen
91%
Nico Rosberg
91%
Kevin Magnussen
88%
Mark Webber
88%
Romain Grosjean
83%
Jenson Button
82%
Daniil Kvyat
72%
Pastor Maldonado
63%
Marcus Ericsson
50%
Kamui Kobayashi
49%
No matching quizzes found
Score Distribution
Percent of People with Each Score
Percentile by Number Answered
Your Score History
You have not taken this quiz